000 00290nam a2200121Ia 4500
008 190216s9999||||xx |||||||||||||| ||und||
100 _aGeorge Watson
245 4 _aThe Study Of Literature
260 _bOrient Longman
_c1969
300 _a237p
650 _aEnglish Literature
942 _cBK
999 _c12926
_d12926